| 000 | 00556nam a2200181Ia 4500 | ||
|---|---|---|---|
| 008 | 240729s9999 xx 000 0 und d | ||
| 022 | _a2234-2443 | ||
| 245 | 0 | _aClinical Endoscopy | |
| 260 | _aKorea, Republic of | ||
| 260 | _bKorean Society of Gastrointestinal Endoscopy | ||
| 650 | _a Diseases of the digestive system. Gastroenterology | ||
| 650 | _a Internal medicine | ||
| 650 | _a Specialties of internal medicine | ||
| 650 | _aMedicine | ||
| 856 | _uhttps://doaj.org/toc/7ca58c5dfb2d4bd593a0e41d90420e8a | ||
| 942 | _2ddc | ||
| 942 | _cDOAJEJ | ||
| 999 |
_c72393 _d72393 |
||
| 945 |
_a1 _bMadushi Gamage _c1 _dMadushi Gamage |
||